000 01225cam a2200373 4500
999 _c23328
_d23328
001 vtls011789682
005 20221003073647.0
008 210624s2018 xo o gr 010 fdslo
020 _a9788081641640
_q(viazané)
035 _a65BB9DBA-BA16-478C-92CC-506AAE4DA7F4
035 _aurn:nbn:sk:snk-am3ied1
035 _aurn:nbn:sk:snk-am00e6ta
040 _aTTKJF
_bslo
_cTTKJF
_dSNK
_erda
041 0 _aslo
044 _axo
_cSK
072 7 _a821.162.4-3
_xSlovenská próza
_2konspekt
080 _a821.162.4-31
_22011
080 _a(0:82-312.5)
_22011
100 1 _aSlanička, Michal,
_d1980-
_4aut
_93337
245 1 0 _aNa Vianoce mi nevolajte
_cMichal Slanička
250 _aVydanie prvé
264 1 _a[Bratislava]
_bMotýľ
_c2018
300 _a189 strán
_bfotografie
_c21 cm
336 _atext
_btxt
_2rdacontent
337 _abez média
_bn
_2rdamedia
338 _azväzok
_bnc
_2rdacarrier
500 _aMiesto vydania podľa NA ISBN
500 _aObsahuje biografické údaje o autorovi na zadnej obálke
655 7 _aslovenské romány
_2SNKPH
_91694
655 7 _aSlovak fiction
_2SNKPHeng
_91695
655 7 _aľúbostné romány
_2SNKPH
_913
655 7 _aLove novels
_2SNKPHeng
_91667
958 _aLX